000 01150pam a2200349 a 4500
001 8484
003 FISKH
005 20260128114427.0
008 891129s1991 nyua j 000 1 eng
010 _a 89049529
020 _a0027780066 :
_c$11.95
020 _a9780027780062
035 _a1982782
040 _aDLC
_cDLC
_dDLC
_beng
050 _aPZ7.R982 H
082 _a306.4
100 1 _aRylant, Cynthia.
245 1 0 _aHenry and Mudge and the bedtime thumps :
_bthe ninth book of their adventures /
_cstory by Cynthia Rylant ; pictures by Suçie Stevenson.
260 _aNew York :
_bScholastic,
_c1991.
300 _a40 pages :
_bcolor illustrations ;
_c23 cm
490 1 _aThe Henry and Mudge books
505 _aN
520 _aHenry worries about what will happen to his big dog Mudge during their visit to his grandmother's house in the country.
521 8 _a540
_bLexile
521 8 _aN
_bRaz-Plus
650 1 _aDogs
_xFiction.
650 1 _aGrandmothers
_xFiction.
700 1 _aStevenson, Suçie,
_eillustrator
906 _a7
_bcbc
_corignew
_d1
_eocip
_f19
_gy-gencatlg
942 _2ddc
_cBK
_n0
999 _c8484
_d8484